000 00593cab a2200205 4500
001 WB2721-18
008 090401t1991 xxu||||| |||| 00| 0 eng d
035 _a(Sirsi) u58889
041 _aeng
245 _aBorrowing costs property dear
260 _c1991
350 _a0
490 _aChartered Surveyor Weekly
_v35(9) 30 May 1991, 11(1)
520 _aThe cost of lending to property companies is staying high, despite falls in interest rates .
650 _aBANKS
650 _aBORROWING
690 _aPROPERTY-PROPERTY FINANCE AND INVESTMENT
942 _n0
948 _c04/03/1997
999 _c36019
_d36019